Southville International School and Colleges
Your cart is empty.
  • Cart
  • Lists
    Public lists Eva Luna New books Lux_list list_1
    Your lists Log in to create your own lists
  • Log in to your account
  • Your cookies
  • Search history
Southville International School and Colleges
  • Advanced search
  • Recent comments
  • Most popular
  • Libraries

Log in to your account

Log in with GOOGLE


If you do not have an external account, but do have a local account, you can still log in:

  1. Home
  2. MARC view: Benigno "Ninoy" Aquino Jr.
Normal view MARC view ISBD view

Benigno "Ninoy" Aquino Jr. (Record no. 99091)

[ view plain ]
MARC details
000 -LEADER
fixed length control field 00853nam a2200205 a 4500
003 - CONTROL NUMBER IDENTIFIER
control field 0
005 - DATE AND TIME OF LATEST TRANSACTION
control field 20250212160159.0
008 - FIXED-LENGTH DATA ELEMENTS--GENERAL INFORMATION
fixed length control field 130905s19uu xx 00 eng d
050 ## - LIBRARY OF CONGRESS CALL NUMBER
Classification number PHS DS 686.6.A68
Item number .Es79 2012
100 ## - MAIN ENTRY--PERSONAL NAME
Personal name Estella, Camille V.
245 ## - TITLE STATEMENT
Title Benigno "Ninoy" Aquino Jr.
Remainder of title his influences on the Filipino mentality on human rights in the Aquino administration /
Statement of responsibility, etc Camille V. Estella.
260 ## - PUBLICATION, DISTRIBUTION, ETC. (IMPRINT)
Place of publication, distribution, etc Las Piñas City, Philippines :
Name of publisher, distributor, etc Southville International School and Colleges,
Date of publication, distribution, etc 2012.
300 ## - PHYSICAL DESCRIPTION
Extent 32 pages :
Other physical details illustrations ;
Dimensions 28 cm.
504 ## - BIBLIOGRAPHY, ETC. NOTE
Bibliography, etc Includes bibliographical references.
600 ## - SUBJECT ADDED ENTRY--PERSONAL NAME
Personal name Aquino, Benigno S., Jr.
Dates associated with a name 1932-1983
Fuller form of name Influence.
650 ## - SUBJECT ADDED ENTRY--TOPICAL TERM
Topical term or geographic name as entry element Philippines
Form subdivision Politics and government
Chronological subdivision 1986-1992.
650 ## - SUBJECT ADDED ENTRY--TOPICAL TERM
Topical term or geographic name as entry element Democracy
Form subdivision Philippines
General subdivision History.
650 ## - SUBJECT ADDED ENTRY--TOPICAL TERM
Topical term or geographic name as entry element Human rights
Form subdivision Philippines
General subdivision Public opinion.
942 ## - ADDED ENTRY ELEMENTS (KOHA)
Source of classification or shelving scheme Library of Congress Classification
Koha item type PASS
Holdings
Withdrawn status Lost status Source of classification or shelving scheme Damaged status Home library Current library Shelving location Date acquired Source of acquisition Total Checkouts Full call number Barcode Date last seen Price effective from Koha item type
    Library of Congress Classification   Luxembourg Library Luxembourg Library Portfolio Assessment of SISC Students Section 09/05/2013 Donation   PHS DS 686.6.A68 .Es79 2012 P3193 11/28/2019 04/08/2014 PASS

Benigno "Ninoy" Aquino Jr.

APA

Estella C. V., . (2012). Benigno "Ninoy" Aquino Jr. Las Piñas City, Philippines: Southville International School and Colleges.

Chicago

Estella Camille V, . 2012. Benigno "Ninoy" Aquino Jr. Las Piñas City, Philippines: Southville International School and Colleges.

Harvard

Estella C. V., . (2012). Benigno "Ninoy" Aquino Jr. Las Piñas City, Philippines: Southville International School and Colleges.

MLA

Estella Camille V, . Benigno "Ninoy" Aquino Jr. Las Piñas City, Philippines: Southville International School and Colleges. 2012.

  • Print
  • Cite
  • Add to your cart (remove)
  • Save record
    BIBTEX Dublin Core MARCXML MARC (non-Unicode/MARC-8) MARC (Unicode/UTF-8) MARC (Unicode/UTF-8, Standard) MODS (XML) RIS
  • More searches
    Search for this title in:
    Other Libraries (WorldCat) Other Databases (Google Scholar) Online Stores (Bookfinder.com) Open Library (openlibrary.org)

Exporting to Dublin Core...

SOUTHVILLE LIBRARY

Southville International School and Colleges Library

1281 Tropical Ave. Cor. Luxembourg St., BF Homes International, Las Pinas City

Tel. No. 8256374 / 252358 Loc. 117/146

Powered by Koha